| 000 | 00866nam a2200217 a 4500 | ||
|---|---|---|---|
| 001 | 54966 | ||
| 003 | BD-RjUL | ||
| 005 | 20211209080209.0 | ||
| 008 | 161113s1964 bg ||||| |||| 00| 0 ben d | ||
| 035 | _a(BD-RjUL)55088 | ||
| 040 |
_aBD-RjUL _bben _cBD-RjUL _dBD-RjUL |
||
| 041 | _aben | ||
| 082 |
_223 _a891.44109 _bSHR 1964 |
||
| 100 |
_aশরীফ, আহমদ _9163883 |
||
| 245 | 1 | 0 |
_aরসুল বিজয় জয়েনউদ্দীন বিরচিত / _cআহমদ শরীফ, |
| 260 |
_aঢাকা বিশ্ববিদ্যালয় : _bবাংলা বিভাগ, _c১৯৬৪. |
||
| 300 |
_a৮৪ পৃ. ; _c২৫ সেমি. |
||
| 650 |
_aবাংলা কবিতা _vইতিহাস ও সমালোচনা _9117724 |
||
| 650 |
_aBengali literature _vHistory and Criticism _9163884 |
||
| 942 |
_2ddc _cBK |
||
| 999 |
_c54966 _d54966 |
||